[Event "Harrogate 4NCL op-A 29th"]
[Site "Harrogate"]
[Date "2023.01.20"]
[Round "1"]
[White "Davies, Nigel Rodney"]
[Black "Thomson, Neil"]
[Result "1-0"]
[WhiteElo "2398"]
[BlackElo "1946"]
[PlyCount "57"]
[EventDate "2023.01.20"]
[EventType "swiss"]
[EventRounds "5"]
[EventCountry "ENG"]
[SourceTitle "CBM 212 Extra"]
[Source "ChessBase"]
[SourceDate "2023.03.31"]
[SourceVersion "1"]
[SourceVersionDate "2023.03.31"]
[SourceQuality "1"]

1. d4 g6 2. Nf3 Bg7 3. c4 Nf6 4. Nc3 0-0 5. e4 d6 6. Be2 Na6 7. 0-0 e5 8. d5 Nc5 9. Qc2 a5 10. Bg5 h6 11. Be3 b6 12. Nd2 Ng4 13. Bxg4 Bxg4 14. a3 f5 15. f3 Bh5 16. b4 Nd7 17. c5 f4 18. Bf2 g5 19. Nb5 dxc5 20. bxc5 g4 21. c6 Qg5 22. Kh1 Nf6 23. Nxc7 Rac8 24. Ne6 Qg6 25. Nxf8 Bxf8 26. Bh4 Bc5 27. Bxf6 Qxf6 28. fxg4 Bxg4 29. Nf3 1-0

[Event "Leamington Spa 4NCL op 26th"]
[Site "Leamington Spa"]
[Date "2021.09.11"]
[Round "3"]
[White "Sowray, Peter John"]
[Black "Thomson, Neil"]
[Result "1-0"]
[WhiteElo "2196"]
[BlackElo "1960"]
[PlyCount "75"]
[EventDate "2021.09.10"]
[EventType "swiss"]
[EventRounds "5"]
[EventCountry "ENG"]
[SourceTitle "CBM 204 Extra"]
[Source "ChessBase"]
[SourceDate "2021.11.30"]
[SourceVersion "1"]
[SourceVersionDate "2021.11.30"]
[SourceQuality "1"]

1. g3 g6 2. Bg2 Bg7 3. c4 Nf6 4. Nc3 0-0 5. d3 d6 6. e3 e5 7. Nge2 c6 8. 0-0 Be6 9. b3 d5 10. Bb2 Na6 11. cxd5 Nxd5 12. d4 Qa5 13. Qe1 Nxc3 14. Bxc3 Qc7 15. Rc1 exd4 16. Nxd4 Bd7 17. Nb5 Bxc3 18. Qxc3 Qb8 19. Nd4 Qe5 20. Nxc6 Qxc3 21. Ne7+ Kg7 22. Rxc3 Rab8 23. Nd5 Bc6 24. Nf4 Bxg2 25. Kxg2 Rfd8 26. a3 Rd2 27. Rfc1 Rbd8 28. R1c2 Rd1 29. Ne2 Ra1 30. b4 Rd5 31. Nd4 Nb8 32. Rc7 Rxa3 33. Rxb7 Nd7 34. Rcc7 Ne5 35. Nf3 a5 36. Nxe5 Rxe5 37. Rxf7+ Kg8 38. Rg7+ 1-0

[Event "Krakow op-B 28th"]
[Site "Krakow"]
[Date "2018.01.02"]
[Round "7"]
[White "Thomson, Neil"]
[Black "Kostecka, Marika"]
[Result "0-1"]
[WhiteElo "2000"]
[BlackElo "1898"]
[PlyCount "74"]
[EventDate "2017.12.27"]
[EventType "swiss"]
[EventRounds "9"]
[EventCountry "POL"]
[SourceTitle "CBM 182 Extra"]
[Source "ChessBase"]
[SourceDate "2018.02.23"]
[SourceVersion "1"]
[SourceVersionDate "2018.02.23"]
[SourceQuality "1"]

1. e4 c5 2. Nf3 d6 3. d4 cxd4 4. Nxd4 Nf6 5. Nc3 a6 6. Bg5 Nbd7 7. f4 Qc7 8. Qe2 e6 9. 0-0-0 Be7 10. g4 b5 11. a3 Bb7 12. f5 e5 13. Bxf6 Nxf6 14. Nb3 h6 15. h4 Rc8 16. Bg2 Qc4 17. Qxc4 bxc4 18. Na5 Ba8 19. Bf1 Nxe4 20. Nd5 Nf2 21. Bxc4 Nxh1 22. Nb6 Nf2 23. Rf1 Rb8 24. Nxa8 Rxa8 25. Rxf2 Bxh4 26. Rf3 Bg5+ 27. Kb1 0-0 28. Nb7 e4 29. Rb3 e3 30. Nxd6 Rad8 31. Nb7 Rd1+ 32. Ka2 Re8 33. Bxa6 e2 34. Bxe2 Rxe2 35. c4 Bf6 36. Nc5 Rc2 37. Rb8+ Kh7 0-1

[Event "Krakow op-B 28th"]
[Site "Krakow"]
[Date "2017.12.31"]
[Round "6"]
[White "Betlej, Jan"]
[Black "Thomson, Neil"]
[Result "1/2-1/2"]
[WhiteElo "1892"]
[BlackElo "2000"]
[PlyCount "83"]
[EventDate "2017.12.27"]
[EventType "swiss"]
[EventRounds "9"]
[EventCountry "POL"]
[SourceTitle "CBM 182 Extra"]
[Source "ChessBase"]
[SourceDate "2018.02.23"]
[SourceVersion "1"]
[SourceVersionDate "2018.02.23"]
[SourceQuality "1"]

1. d4 g6 2. c4 Nf6 3. Nc3 Bg7 4. Nf3 0-0 5. Bg5 d6 6. e3 c5 7. d5 e6 8. Be2 exd5 9. cxd5 a6 10. a4 h6 11. Bh4 Re8 12. Nd2 Qc7 13. Nc4 Nbd7 14. Bg3 Ne5 15. Bxe5 dxe5 16. a5 e4 17. Rc1 Bd7 18. 0-0 Rad8 19. Qc2 Bb5 20. Nxb5 axb5 21. d6 Qc6 22. Na3 c4 23. b3 Qc5 24. Nb1 Rxd6 25. bxc4 bxc4 26. Nd2 c3 27. Nc4 Rc6 28. Qxc3 Nd5 29. Qd2 Rec8 30. Nb6 Qxc1 31. Qxd5 Qb2 32. Nxc8 Rxc8 33. Qb5 Qxb5 34. Bxb5 Ra8 35. Rb1 Rxa5 36. Bf1 Ra7 37. Bc4 Kf8 38. Bd5 b5 39. Bxe4 b4 40. Rxb4 Ra1+ 41. Rb1 Rxb1+ 42. Bxb1 1/2-1/2

[Event "Krakow op-B 28th"]
[Site "Krakow"]
[Date "2017.12.30"]
[Round "4"]
[White "Pasieka, Marcin"]
[Black "Thomson, Neil"]
[Result "1-0"]
[WhiteElo "1790"]
[BlackElo "2000"]
[PlyCount "65"]
[EventDate "2017.12.27"]
[EventType "swiss"]
[EventRounds "9"]
[EventCountry "POL"]
[SourceTitle "CBM 182 Extra"]
[Source "ChessBase"]
[SourceDate "2018.02.23"]
[SourceVersion "1"]
[SourceVersionDate "2018.02.23"]
[SourceQuality "1"]

1. e4 g6 2. d4 Bg7 3. Nc3 d6 4. Be3 a6 5. Qd2 b5 6. 0-0-0 Bb7 7. f3 Nd7 8. Kb1 Rc8 9. h4 h6 10. Nh3 c5 11. dxc5 Nxc5 12. Bd4 Nf6 13. Nd5 Bxd5 14. exd5 Qc7 15. Nf4 0-0 16. g4 e5 17. dxe6 Nxe6 18. Nxe6 fxe6 19. g5 hxg5 20. hxg5 Ne4 21. fxe4 Bxd4 22. Bh3 e5 23. Bxc8 Rxc8 24. c3 Bc5 25. Qd5+ Kg7 26. Qe6 Rf8 27. Rdf1 Qb7 28. Qg4 Bf2 29. Rxf2 Rxf2 30. Qh4 Qb6 31. Qh8+ Kf7 32. Rh7+ Ke6 33. Qe8# 1-0

[Event "Edinburgh Premier"]
[Site "Edinburgh"]
[Date "2016.04.10"]
[Round "5.6"]
[White "Abrahams, Daniel"]
[Black "Thomson, Neil"]
[Result "0-1"]
[WhiteElo "2084"]
[BlackElo "1978"]
[PlyCount "74"]
[EventDate "2016.04.08"]
[EventType "swiss"]
[EventRounds "5"]
[EventCountry "SCO"]
[SourceTitle "EXT 2023"]
[Source "ChessBase"]
[SourceDate "2022.10.05"]
[SourceVersion "1"]
[SourceVersionDate "2022.10.05"]
[SourceQuality "1"]

1. e4 g6 2. Nf3 Bg7 3. Bc4 d6 4. d3 Nf6 5. Nbd2 0-0 6. 0-0 Nc6 7. c3 Na5 8. Bb5 a6 9. Ba4 c5 10. Bc2 Nc6 11. Re1 e5 12. Nf1 d5 13. Ng3 Qc7 14. Qe2 b6 15. Bg5 Be6 16. Qd2 Rad8 17. Bh6 dxe4 18. Bxg7 Kxg7 19. Nxe4 Nd5 20. Neg5 Bc8 21. Bb3 f6 22. Ne4 Nf4 23. d4 cxd4 24. cxd4 Nxd4 25. Nxd4 Rxd4 26. Qe3 Bb7 27. Rac1 Qe7 28. Nxf6 Qxf6 29. Rc7+ Kh8 30. Rxb7 Nxg2 31. Rxh7+ Kxh7 32. Kxg2 Rg4+ 33. Kf1 Qh4 34. Rc1 Rxf2+ 35. Qxf2 Rf4 36. Rc7+ Kh6 37. Rf7 Qxf2# 0-1

[Event "Livingston op 1st"]
[Site "Livingston"]
[Date "2016.01.31"]
[Round "5.5"]
[White "Thomson, Neil"]
[Black "Abdulla, Murad"]
[Result "1-0"]
[WhiteElo "1962"]
[BlackElo "1977"]
[PlyCount "155"]
[EventDate "2016.01.29"]
[EventType "swiss"]
[EventRounds "5"]
[EventCountry "ENG"]
[SourceTitle "EXT 2023"]
[Source "ChessBase"]
[SourceDate "2022.10.05"]
[SourceVersion "1"]
[SourceVersionDate "2022.10.05"]
[SourceQuality "1"]

1. e4 c5 2. Nf3 Nc6 3. d4 cxd4 4. Nxd4 g6 5. c4 Nf6 6. Nc3 d6 7. Nc2 Bg7 8. Be2 0-0 9. 0-0 Bd7 10. Be3 a6 11. f4 Rb8 12. a4 Qa5 13. c5 Nb4 14. Na3 Bc6 15. Nc4 Qc7 16. cxd6 exd6 17. Bb6 Qe7 18. Qxd6 Qxd6 19. Nxd6 Nd7 20. Bf2 Bf6 21. e5 Be7 22. Nce4 f6 23. Bg3 Nc2 24. Rac1 Ne3 25. Rfe1 Nf5 26. Nxf5 gxf5 27. Nd6 fxe5 28. fxe5 f4 29. Bc4+ Kg7 30. Bf2 Nxe5 31. Rxe5 Bxd6 32. Re6 Rfd8 33. Bd4+ Kf8 34. Rf6+ Ke8 35. Re1+ Kd7 36. Be6+ Kc7 37. Rf7+ Rd7 38. Bxd7 Bxd7 39. Rc1+ Kd8 40. Rxh7 Bxa4 41. Bf6+ Ke8 42. Re1+ Kf8 43. Be5 Bc5+ 44. Kh1 Re8 45. Rh8+ Kf7 46. Rxe8 Bxe8 47. Bxf4 Bc6 48. Be3 Bd6 49. Rf1+ Kg6 50. Bd4 Be7 51. Kg1 b5 52. Re1 Kf7 53. Kf2 a5 54. g3 b4 55. Re5 a4 56. Bc5 Bf6 57. Re2 a3 58. bxa3 b3 59. Re1 Bc3 60. Rb1 b2 61. Ke3 Bd7 62. Bd4 Bf5 63. Rxb2 Bxb2 64. Bxb2 Bd7 65. Kf4 Kg6 66. g4 Bc6 67. h4 Kh6 68. Bc1 Bd7 69. h5 Ba4 70. Kf5+ Kg7 71. g5 Bc2+ 72. Ke6 Bd1 73. Bb2+ Kh7 74. h6 Bc2 75. Kf6 Bd3 76. a4 Bc2 77. a5 Bd3 78. Bd4 1-0

[Event "Livingston op 1st"]
[Site "Livingston"]
[Date "2016.01.30"]
[Round "2.5"]
[White "Robertson, Ian C"]
[Black "Thomson, Neil"]
[Result "1-0"]
[WhiteElo "2151"]
[BlackElo "1962"]
[PlyCount "65"]
[EventDate "2016.01.29"]
[EventType "swiss"]
[EventRounds "5"]
[EventCountry "ENG"]
[SourceTitle "EXT 2023"]
[Source "ChessBase"]
[SourceDate "2022.10.05"]
[SourceVersion "1"]
[SourceVersionDate "2022.10.05"]
[SourceQuality "1"]

1. c4 Nf6 2. Nc3 g6 3. g3 Bg7 4. Bg2 0-0 5. e4 d6 6. Nge2 e5 7. 0-0 c6 8. h3 Be6 9. d3 Ne8 10. Be3 h6 11. Qd2 Kh7 12. Kh2 Nd7 13. b3 f5 14. exf5 gxf5 15. d4 Nef6 16. Rad1 Bf7 17. dxe5 dxe5 18. f4 e4 19. Nd4 Qa5 20. Nxe4 Qxd2 21. Nxd2 Bg6 22. N2f3 Rae8 23. Bg1 c5 24. Nb5 Re2 25. Rf2 Rxf2 26. Bxf2 a6 27. Nd6 b6 28. Nh4 Nh5 29. Nxg6 Kxg6 30. Nxf5 Kxf5 31. Rxd7 Ke6 32. Rb7 Bc3 33. Rxb6+ 1-0

[Event "Oban op"]
[Site "Oban"]
[Date "2015.11.20"]
[Round "1"]
[White "Brown, Allan D"]
[Black "Thomson, Neil"]
[Result "0-1"]
[WhiteElo "1695"]
[BlackElo "1976"]
[PlyCount "58"]
[EventDate "2015.10.20"]
[EventType "swiss"]
[EventRounds "5"]
[EventCountry "SCO"]
[SourceTitle "EXT 2023"]
[Source "ChessBase"]
[SourceDate "2022.10.05"]
[SourceVersion "1"]
[SourceVersionDate "2022.10.05"]
[SourceQuality "1"]

1. d4 g6 2. g3 Nf6 3. Bg2 Bg7 4. c4 0-0 5. Nc3 d6 6. e4 Nbd7 7. Nge2 e5 8. 0-0 c6 9. d5 cxd5 10. cxd5 a5 11. Be3 Ng4 12. Qd2 Nxe3 13. Qxe3 f5 14. f3 f4 15. Qf2 Nc5 16. Rfd1 Bd7 17. Rac1 b5 18. b3 b4 19. Nb1 Bb5 20. Rxc5 dxc5 21. Nd2 a4 22. Nc4 axb3 23. axb3 Bxc4 24. bxc4 Ra2 25. Qxc5 Rxe2 26. Qxb4 Qa8 27. Bf1 Qa7+ 28. c5 Rc2 29. d6 Qxc5+ 0-1

[Event "Benidorm op U2000 12th"]
[Site "Benidorm"]
[Date "2013.12.01"]
[Round "3"]
[White "Thomson, Neil"]
[Black "Hall, Rachid"]
[Result "0-1"]
[WhiteElo "1900"]
[BlackElo "1973"]
[PlyCount "100"]
[EventDate "2013.11.29"]
[EventType "swiss"]
[EventRounds "10"]
[EventCountry "ESP"]
[SourceTitle "CBM 157 Extra"]
[Source "ChessBase"]
[SourceDate "2013.12.19"]
[SourceVersion "1"]
[SourceVersionDate "2013.12.19"]
[SourceQuality "1"]

1. e4 c5 2. Nf3 d6 3. d4 cxd4 4. Nxd4 Nf6 5. Nc3 a6 6. Bc4 e6 7. Bb3 Be7 8. g4 b5 9. g5 Ng8 10. Rg1 Qc7 11. Be3 Nc6 12. Nd5 Qb7 13. Nxc6 Qxc6 14. Nxe7 Nxe7 15. Qd3 Bb7 16. 0-0-0 Rd8 17. Bd4 0-0 18. Bf6 gxf6 19. gxf6+ Ng6 20. Qe3 Kh8 21. Qh6 Rg8 22. Bd5 Qe8 23. Bxb7 Rb8 24. Rd3 Qf8 25. Qxf8 Rgxf8 26. Bxa6 Nf4 27. Re3 Rb6 28. Rg4 e5 29. Bxb5 Rxb5 30. a4 Rc5 31. b3 Rfc8 32. c4 Rg8 33. Rxg8+ Kxg8 34. Rg3+ Kf8 35. Kd2 h5 36. Rc3 Ra5 37. Rc2 Ke8 38. Ra2 Kd7 39. b4 Ra8 40. a5 Ne6 41. b5 Nc5 42. f3 Rxa5 43. Rb2 Ra3 44. Ke2 Nb3 45. Kf2 Nd4 46. b6 Rxf3+ 47. Ke1 Rb3 48. Rg2 Rb1+ 49. Kf2 Rb2+ 50. Kg3 Rxg2+ 0-1

[Event "Oban op"]
[Site "Oban"]
[Date "2013.11.17"]
[Round "4"]
[White "Bamber, Elaine"]
[Black "Thomson, Neil"]
[Result "1-0"]
[WhiteElo "2064"]
[BlackElo "1836"]
[PlyCount "69"]
[EventDate "2013.11.15"]
[EventType "swiss"]
[EventRounds "5"]
[EventCountry "SCO"]
[SourceTitle "EXT 2023"]
[Source "ChessBase"]
[SourceDate "2022.10.05"]
[SourceVersion "1"]
[SourceVersionDate "2022.10.05"]
[SourceQuality "1"]

1. e4 g6 2. Nc3 Bg7 3. f4 d6 4. Nf3 a6 5. Bc4 b5 6. Bd5 c6 7. Bb3 Nf6 8. 0-0 b4 9. e5 bxc3 10. exf6 cxb2 11. Bxb2 Bxf6 12. Bxf6 exf6 13. Re1+ Kf8 14. Re3 Kg7 15. Qe2 Rf8 16. Re1 Nd7 17. Nd4 Qb6 18. Nf5+ Kg8 19. Nxd6 Ra7 20. Bxf7+ Kg7 21. Kf1 Qd4 22. Nxc8 Rxc8 23. Re4 Qd6 24. Bc4 Nc5 25. Re7+ Rxe7 26. Qxe7+ Qxe7 27. Rxe7+ Kh6 28. g3 Rb8 29. d4 Na4 30. Bb3 Nc3 31. Rc7 Rb6 32. Bg8 Kh5 33. Rxh7+ Kg4 34. Kg2 Kf5 35. Kf3 1-0

[Event "Vilnius op"]
[Site "Vilnius"]
[Date "2011.11.26"]
[Round "8"]
[White "Thomson, Neil"]
[Black "Misiuk, Patrik"]
[Result "1-0"]
[WhiteElo "1932"]
[BlackElo "1520"]
[PlyCount "45"]
[EventDate "2011.11.19"]
[EventType "swiss"]
[EventRounds "9"]
[EventCountry "LTU"]
[SourceTitle "CBM 145 Extra"]
[Source "ChessBase"]
[SourceDate "2012.01.03"]
[SourceVersion "1"]
[SourceVersionDate "2012.01.03"]
[SourceQuality "1"]

1. e4 c5 2. Nf3 d6 3. d4 cxd4 4. Nxd4 Nf6 5. Nc3 a6 6. Bc4 e6 7. 0-0 Be7 8. Bb3 b5 9. Qf3 Qc7 10. Qg3 0-0 11. Bh6 Ne8 12. Kh1 Kh8 13. Bg5 h6 14. Be3 Nc6 15. f4 Na5 16. e5 Nxb3 17. cxb3 d5 18. Rac1 Qd7 19. f5 Kh7 20. Rc2 Qb7 21. Rcf2 Nc7 22. f6 gxf6 23. exf6 1-0

[Event "Prestwick Airport op"]
[Site "Prestwick"]
[Date "2011.05.15"]
[Round "5"]
[White "Robinson, Stephen"]
[Black "Thomson, Neil"]
[Result "0-1"]
[WhiteElo "1683"]
[BlackElo "1861"]
[PlyCount "74"]
[EventDate "2011.05.13"]
[EventType "swiss"]
[EventRounds "5"]
[EventCountry "SCO"]
[SourceTitle "EXT 2023"]
[Source "ChessBase"]
[SourceDate "2022.10.05"]
[SourceVersion "1"]
[SourceVersionDate "2022.10.05"]
[SourceQuality "1"]

1. b4 e5 2. Bb2 Bxb4 3. Bxe5 Nf6 4. c4 0-0 5. Nf3 Nc6 6. Bb2 d5 7. a3 Ba5 8. e3 Bg4 9. h3 Bh5 10. Be2 Re8 11. cxd5 Nxd5 12. 0-0 Kh8 13. Nd4 Bxe2 14. Qxe2 Qf6 15. Qb5 Nf4 16. Nf5 Ne2+ 17. Kh1 Ne5 18. Ng3 Nxg3+ 19. fxg3 Qb6 20. Qxb6 Bxb6 21. Bxe5 Rxe5 22. Rxf7 Rd8 23. Nc3 Kg8 24. Raf1 h6 25. R7f2 Rd3 26. Re2 Bxe3 27. Rxe3 Rexe3 28. dxe3 Rxc3 29. Rf3 Rxa3 30. g4 b5 31. Kh2 b4 32. Kg3 b3 33. Rf2 Ra2 34. Rf1 a5 35. e4 b2 36. Rb1 a4 37. e5 a3 0-1